Saldo výdavkov a nákladov rozpočtového hospodárenia

Na minha lista:
Detalhes bibliográficos
Autor principal: Kovalčíková, Antónia
Formato: Capítulo de Livro
Idioma:eslovaco
Tags: Adicionar Tag
Sem tags, seja o primeiro a adicionar uma tag!

MARC

LEADER 00000naa$a2200000$$$4500
001 0066797
005 20240502071808.9
041 0 |a slo 
044 |a SK 
245 1 0 |a Saldo výdavkov a nákladov rozpočtového hospodárenia  |c Antónia Kovalčíková 
100 1 |a Kovalčíková, Antónia